| 000 | 00649nam a2200193Ia 4500 | ||
|---|---|---|---|
| 008 | 151121s9999||||xx |||||||||||||| ||und|| | ||
| 082 | _a920/भागव | ||
| 082 | _bHNW-52721 | ||
| 100 | _aभागवत भा।रा। | ||
| 245 | _aजॉर्ज वॉशिंग्टन | ||
| 260 | _b"चित्रशाळा प्रकाशन, पुणे।" | ||
| 260 | _c-- | ||
| 300 | _a106 | ||
| 600 | _aभागवत भा।रा। | ||
| 630 | _aजॉर्ज वॉशिंग्टन | ||
| 700 | _aभागवत भा।रा। | ||
| 730 | _aजॉर्ज वॉशिंग्टन | ||
| 942 | _cBOOK | ||
| 999 |
_c1236642 _d1236639 |
||